000 00456nam a2200181Ia 4500
001 11576
005 20260306162838.0
008 260306t2011||||xx |||||||||||||| ||spa||
041 _aESP
082 _a985.4
_bC77
100 _aCook, Noble David
_eAUT
245 0 _aLos hijos del volcán:
_bdualidad andina en el Valle del Colca
260 _c2011
300 _a351 páginas :
_c24 cm.
650 _aGEN
654 _aCHU
942 _cLIB
_dJUS
_fJUS
_2ddc
_n
999 _c11576
_d11576